01207nam a2200277 c 4500001000900000003000900009005001700018008004100035020001800076040002800094041000800122082001400130100003600144240003300180245012300213250003600336260003000372300002800402700003800430700003500468942001200503999001500515952012900530952013500659952013500794a5215144CO-ViMGA20230915232204.0120601s2012 sp a | |||| 000 1 spa  a9788426139160 aCO-ViMGAbspacCO-ViMGA1 hita04a808bR62c1 aRodari, Giannid1920-19809151610aFavole al telefonolEspaǫl10aCuentos por telf̌onocGianni Rodari ; ilustraciones de Emilio Urberuaga ; [traduccin̤ de Ramn̤ Prats de Alos-Moner] a1® reed. rev. y con nuevas il. aBarcelonabJuventudc2012 a138 p.bil. col.c24 cm1 aPrats de Alos-Moner, Ramn̤915181 aUrberuaga, Emiliod1954-91517 2ddccBK c3749d3749 00102ddc40708INFaMECASTILbMECASTILcSInfd2023-09-08l0oC ROD1pEC01825r2023-09-08 21:30:27tEj.1w2023-09-08yBKLIT 00102ddc40708008aMEVIECARbMEVIECARd2015-12-02l3m2o808 R62cp29282r2018-09-20 00:00:00s2018-09-03tEj.1w2015-12-04yBK 001040708012aMEVIGERRbMEVIGERRcLITd2014-06-09oC ROD1cupECA22639r2024-11-26 09:05:55tEj.1w2024-11-26yBKz16807 | 21675